| 000 | 00327nam a22001217a 4500 | ||
|---|---|---|---|
| 082 |
_a030 _bMAU/N |
||
| 100 | _aBURTON,MAURICE | ||
| 100 | _aBURTON,ROBERT | ||
| 245 | _a THE NEW ILUSTRATED WILDLIFE ENCYCLOPEDIA: VOLUME 15 | ||
| 260 |
_aAMERICA & CANADA _bBPC PUBLISHING LIMITED |
||
| 650 |
_aENCYCLOPEDIA _zAMERICA |
||
| 942 | _cBK | ||
| 999 |
_c1961 _d1961 |
||